000
00228nam a22001217a 4500
003
SGT
082
_a
658.5
_b
STE
100
_a
STEXENSON,W
245
_a
OPERATIONS MANAGEMENT
250
_a
9TH
260
_a
TMH
942
_2
ddc
_c
CD
999
_c
24331
_d
24331